Distribúcia ako faktor úspešnej realizácie ponuky priemyselných podnikov

Nevyhnutnosť inovačnej politiky v oblasti distribúcie v podnikoch. Štíhla výroba, ERP systémy. Koncept Just in Time. Systém kanban, technológia rýchlej odozvy (Quic Response), technológia spájania menších zásielok do veľkých celkov a následného rozpájania po prevoze na požadované miesto (Hub & Spoke...

Descrizione completa

Salvato in:
Dettagli Bibliografici
Autore principale: Drábik, Peter, 1981-
Natura: Capitolo di libro
Lingua:slovacco
Soggetti:
Tags: Aggiungi Tag
Nessun Tag, puoi essere il primo ad aggiungerne!!

MARC

LEADER 00000naa$a2200000$$$4500
001 0097023
005 20240502072056.7
041 0 |a slo 
044 |a SK 
245 1 0 |a Distribúcia ako faktor úspešnej realizácie ponuky priemyselných podnikov  |c Peter Drábik 
520 |a Nevyhnutnosť inovačnej politiky v oblasti distribúcie v podnikoch. Štíhla výroba, ERP systémy. Koncept Just in Time. Systém kanban, technológia rýchlej odozvy (Quic Response), technológia spájania menších zásielok do veľkých celkov a následného rozpájania po prevoze na požadované miesto (Hub & Spoke), systém VMI (Vendor management inventory). Technológia ECR (efektívna reakcia na zákazníka). Riadenie skladových systémov. Metóda Tetris - súčasť skladovacej stratégie. 
610 2 0 |a podnik 
610 2 0 |a podnik priemyselný 
610 2 0 |a distribúcia 
610 2 0 |a technológia 
610 2 0 |a skladovanie 
610 2 0 |a kanban 
610 2 0 |a JIT 
610 2 0 |a ECR 
100 1 |a Drábik, Peter, 1981-